000 00982cam a2200241 4500
001 ##L132974
008 060329n2006 000 0 eng u
020 _a1860819001
035 _a(Sirsi) u132974
041 0 _aeng
050 0 4 _a697 $2 18
100 1 _aJaggs, Mike
245 0 0 _aAchieving airtightness
_bgeneral principles
260 _aWatford
_bBRE
_c2006
300 _a8p.
_bill.
_c30cm.
490 0 _aBRE Good Building Guide
_vGBG 67 Part 1
520 _aProvides guidance on achieving airtightness in new buildings. Sets out the more usual air leakage paths and gives the principles to follow when developing construction details which are energy efficient. This is the first part of a three part information paper (see also L132975 and L132976).
590 _aIKA190906
651 4 _aUnited Kingdom
_y
690 _aBUILT ENVIRONMENT-BUILDING SERVICES-BUILDING SERVICES ENGINEERING-HEATING AND VENTILATION ENGINEERING
700 1 _aScivyer, Chris
942 _n0
999 _c105291
_d105291